Álmodik az erdő

Bibliographic Details
Main Author: Dénes, György, 1923-2007 (Author)
Format: Article
Language:Hungarian
Slovak
Subjects:

MARC

LEADER 00000nab a2200000 a 4500
001 vtls000608749
003 SK-MaSNL
005 20260303013918.0
008 160314c1996 xo 0 hun
015 |a SNBRB19rr/mm-uuuuu 
035 |a CL0608888 
040 |a SNKBUCL  |b slo  |c SNKBUCL  |e AACR2 
041 0 |a slo 
044 |a xo  |c SK 
080 |a 894.511 (437.6)-1(087.5)=945.11  |2 1981 
100 1 |a Dénes, György,  |d 1923-2007  |4 aut  |9 106980 
245 1 0 |a Álmodik az erdő  |c György Dénes 
650 0 7 |a naratívne básne  |2 snkbucl  |9 56217 
773 0 |t Remény  |g Roč. 7, č. 48 (1996), s. 7 
850 |a Slovenská národná knižnica v Martine  |a DSG001 
852 |a SNK  |b KIS3GCP 
958 |a HU 
958 |a LX 
958 |a SK 
958 |a RK 
958 |a RBX 
999 |c 1605021  |d 1606951